Catálogo
 En Linea

Crónica razonada de las guerras de Bolívar / (Registro nro. 14061)

Detalles MARC
000 -CABECERA
campo de control de longitud fija 01249cam a2200313 a 4500
001 - NÚMERO DE CONTROL
campo de control 000014472
005 - FECHA Y HORA DE LA ÚLTIMA TRANSACCIÓN
campo de control 20200929163845.0
008 - DATOS DE LONGITUD FIJA--INFORMACIÓN GENERAL
campo de control de longitud fija 861022s1983 ve ab b f001 0bspa d
040 ## - FUENTE DE LA CATALOGACIÓN
Centro catalogador/agencia de origen DO-SdBNP
Centro/agencia transcriptor DLC
Centro/agencia modificador DLC
-- BNPHU
043 ## - CÓDIGO DE ÁREA GEOGRÁFICA
Código de área geográfica s------
082 ## - NÚMERO DE LA CLASIFICACIÓN DECIMAL DEWEY
Número de clasificación nnnn
Número de documento/Ítem L471b, 1983
049 ## - FONDOS LOCALES (OCLC)
Fondos de biblioteca BNGR
100 1# - ENTRADA PRINCIPAL--NOMBRE DE PERSONA
Nombre de persona Lecuna, Vicente,
Fechas asociadas al nombre 1870-1954.
9 (RLIN) 18077
245 10 - MENCIÓN DE TÍTULO
Título Crónica razonada de las guerras de Bolívar /
Mención de responsabilidad, etc. Vicente Lecuna.
250 ## - MENCIÓN DE EDICIÓN
Mención de edición 2a ed.
260 ## - PUBLICACIÓN, DISTRIBUCIÓN, ETC.
Lugar de publicación, distribución, etc. Caracas, Venezuela :
Nombre del editor, distribuidor, etc. Presidencia de la Republica,
Fecha de publicación, distribución, etc. 1983.
300 ## - DESCRIPCIÓN FÍSICA
Extensión 3 v. :
Otras características físicas il., mapas ;
Dimensiones 23 cm.
490 1# - MENCIÓN DE SERIE
Mención de serie Bicentenario bolivariano
Designación de volumen o secuencia 191-193.
490 1# - MENCIÓN DE SERIE
Mención de serie El continente y el libertador
Designación de volumen o secuencia 191-193
500 ## - NOTA GENERAL
Nota general La biblioteca posee el v. 2
500 ## - NOTA GENERAL
Nota general Incluye índice
504 ## - NOTA DE BIBLIOGRAFÍA, ETC.
Nota de bibliografía, etc. Incluye notas y referencias bibliográficas al pie de las páginas
600 10 - PUNTO DE ACCESO ADICIONAL DE MATERIA--NOMBRE DE PERSONA
Nombre de persona Bolívar, Simón,
Fechas asociadas al nombre 1783-1830
Subdivisión general Military leadership.
9 (RLIN) 32688
651 #0 - PUNTO DE ACCESO ADICIONAL DE MATERIA--NOMBRE GEOGRÁFICO
Nombre geográfico South America
Subdivisión general History
Subdivisión cronológica Wars of Independence, 1806-1830
Subdivisión general Campaigns.
9 (RLIN) 32689
650 #0 - PUNTO DE ACCESO ADICIONAL DE MATERIA--TÉRMINO DE MATERIA
Término de materia o nombre geográfico como elemento de entrada Heads of state
Subdivisión geográfica South America
Subdivisión general Biography.
9 (RLIN) 23539
710 1# - PUNTO DE ACCESO ADICIONAL--NOMBRE DE ENTIDAD CORPORATIVA
Nombre de entidad corporativa o nombre de jurisdicción como elemento de entrada Venezuela.
Unidad subordinada Presidencia de la Republica.
9 (RLIN) 32690
830 #0 - PUNTO DE ACCESO ADICIONAL DE SERIE-TÍTULO UNIFORME
Título uniforme Bicentenario bolivariano.
Nombre de parte o sección de la obra El continente y el libertador ;
Designación de volumen o secuencia 191-193
9 (RLIN) 32691
910 ## - DATOS DE OPCIÓN DEL USUARIO (OCLC)
Datos de opción del usuario Catalogación por copia / LC
Existencias
Estado de retiro Estado de pérdida Restricciones de uso No para préstamo Código de colección Localización permanente Ubicación/localización actual Ubicación en estantería Fecha de adquisición Número de inventario Total de préstamos Signatura topográfica completa Código de barras Fecha visto por última vez Precio válido a partir de Tipo de ítem Koha
        Monografías: Libros y Folletos General General En catalogación 11.01.2010 LF1   nnnn L471b, 1983 14472-10 25.06.2020 25.06.2020 Préstamo en sala

Con tecnología Koha